000 00555nam a2200193Ia 4500
003 OSt
005 20250305112120.0
008 210210b1971 xxu||||| |||| 00| 0 eng d
040 _cAL
041 _ahin
082 _aH891.3 VAJS
100 _aVAJPEYI (Bhagavatiprasad):
_dवाजपेयी भगवतीप्रसाद
_9204111
245 _aSvapnon ki godh:
_bस्वपनो की गोद
260 _aDilli
_bBharatiy Granth Niket
_c1971
300 _a240
690 _aHindi Fiction
_9204112
906 _a029403
942 _2ddc
_cBK
999 _c80624
_d80624